000 00285cam a2200121ua 4500
082 _a629.2
_bNAR/AU
100 _aNarang, G B S .
_9314
245 _aAutomobile Engineering /
250 _a3 / 5
260 _aDelhi :
_bKhanna Publishers ,
_c1982.
300 _a962 ; 1183
942 _cBK
999 _c9748
_d9748